000 00209nam a2200073Ia 4500
008 170817s9999 xx 000 0 und d
100 _aRuhela.S.P
245 0 _aShiksha Ke Darshnik Tatha Samajshstrye Aadhar
260 _bAgarwal Prakashan Agara
999 _c39500
_d39500